000 00612nam a2200205 a 4500
005 20140310183209.0
008 041110s19uu xx 00 eng d
020 _a971005131
050 _aHD 62.7
_b.G441 1994
100 _aGibbons, Patrick
245 _aHow to prepare, present and negotiate a business plan /
_cPatrick Gibbons.
260 _aSingapore :
_bEaton Printing Ltd.,
_c1994.
300 _a108 p. :
_c24 cm.
521 _aBSBA
650 _aNew business enterprise
_xPlanning.
650 _aProposal writing in business.
700 _aMcGovern, Ian
942 _cBK
_2lcc
_kFOR
999 _c20084
_d20084